Memòria 2000
Descripción Física:
v. ; 33cm ; 23cm
MARC
| LEADER | 00000nam a2200000Ia 4500 | ||
|---|---|---|---|
| 001 | 13812 | ||
| 003 | Arxiu | ||
| 008 | 160829s1984 - xx 000 0 cat d | ||
| 080 | |a Memòries. | ||
| 110 | 1 | |a Barcelona (Catalunya : Província). |b Diputació |9 52408 | |
| 240 | |a Memòria 2000 | ||
| 245 | |a Memòria 2000 | ||
| 260 | |a Barcelona : |b Diputació. Presidència, |c 2000 | ||
| 300 | |a v. ; |c 33cm ; |c 23cm | ||
| 650 | 0 | |a Barcelona (Catalunya : Província). Diputació |x Memòries |9 23006 | |
| 710 | 1 | |a Barcelona (Catalunya : Província). |b Diputació |9 52408 | |
| 710 | 1 | |a Catalunya. |b Diputació Provincial |9 54288 | |
| 856 | |u https://www.diba.cat/documents/94831/366392651/2000_baixa.pdf/0a4444f5-e795-fdf6-56a0-a61582cec9aa?t=1648212870849 |z bib_13812_2000.pdf | ||
| 900 | |a bib_13812_2000_baixa.pdf | ||
| 901 | |a Arxiu | ||
| 942 | |n 1 |2 udc |c ARXIU | ||
| 952 | |0 0 |1 0 |4 0 |6 MEMÒRIES |7 1 |9 63621 |a Arxiu |b Arxiu |d 2022-08-30 |l 0 |o Memòries |p 13812 |r 2022-08-30 00:00:00 |w 2022-08-30 |y ARXIU |z Digitalitzat | ||
| 999 | |c 80683 |d 80683 | ||